| 000 | 00772cam a2200229 a 4500 | ||
|---|---|---|---|
| 001 | 12346391 | ||
| 005 | 20180116083030.0 | ||
| 008 | 010314s2002 maua b 001 0 eng | ||
| 010 | _a 2001030697 | ||
| 020 | _a0072414561 | ||
| 040 |
_aDLC _cDLC _dDLC |
||
| 041 | _aeng | ||
| 080 | _a305.235 STE | ||
| 082 | 0 | 0 |
_a305.235 STE _221 |
| 100 | 1 | _a50 | |
| 101 | _aSOC | ||
| 245 | 1 | 0 |
_aAdolescence / _cLaurence Steinberg. |
| 504 | _aIncludes bibliographical references (p. 462-515) and indexes. | ||
| 906 |
_a7 _bcbc _corignew _d1 _eocip _f20 _gy-gencatlg |
||
| 942 |
_2ddc _cBK |
||
| 999 |
_c40377 _d40377 |
||